One Subcategory in 15 Categories - TV Show Quiz Stats

 Plays Quiz Updated Sep 22, 2018

Score 0/15 Timer 05:00
3 Plays Today
Question Answer Wrong Answers
SPORTS: Friday Night Lights is about a high school...? football team
90.9%
basketball team
4.3%
ice hockey team
2.9%
softball team
1.7%
GEOGRAPHY: In which US state is Breaking Bad set? New Mexico
89.2%
New Jersey
6.3%
New York
2%
New Hampshire
2.2%
HISTORY: Which Showtime drama focuses on the early years of King Henry VIII's reign of England? The Tudors
76.2%
The Borgias
5.1%
The Crown
12.4%
The Last Kingdom
3.5%
MISCELLANEOUS: What brand of car was used to portray KITT in Knight Rider? Pontiac
68.6%
Ferrari
15%
Aston Martin
10.4%
Rover
3.5%
HOLIDAY: Which secular holiday entered popular culture after it was made the focus of a 1997 Seinfeld episode? Festivus
66.5%
Talk Like a Pirate Day
13.5%
Pi Day
10.4%
Trivia Day
5.2%
MOVIES: Which of these movies was the earliest to be adapted as an animated TV series, in 1986? Ghostbusters
64.2%
Jumanji
5.7%
Beetlejuice
20.2%
Back to the Future
8.7%
SCIENCE: What is Sheldon Cooper's occupation on The Big Bang Theory? Theoretical physicist
63.3%
Experimental physicist
7.1%
Aerospace Engineer
3.5%
Astrophysicist
22.6%
MUSIC: Which of these singers served as a judge on American Idol for the most seasons? Jennifer Lopez
61.6%
Mariah Carey
15.3%
Steven Tyler
18.2%
Nicki Minaj
4.4%
LANGUAGE: 'Annyeong ', the Korean word for 'hello' and 'bye', becomes the name of an adopted Korean child in which TV sitcom? Arrested Development
52.9%
Modern Family
32.6%
Full House
5.5%
Married... with Children
5.7%
TELEVISION: Which of these crime/police drama TV shows has the most episodes? Magnum, P.I.
47.5%
Columbo
40.3%
Kojak
6.8%
T.J. Hooker
3.7%
GAMING: Which professional wrestler played and voiced Mario in The Super Mario Bros. Super Show? Lou Albano
46%
Hulk Hogan
25.2%
André the Giant
9%
John Cena
16%
LITERATURE: Which of these TV shows was originally based on a novel? Dexter
45.1%
Six Feet Under
24.6%
The X-Files
13.9%
The West Wing
13.5%
RELIGION: Which papal name does the main character of The Young Pope choose? Pius XIII
42.4%
Paul VII
19.2%
Peter II
17.9%
Judas
16.1%
ENTERTAINMENT: Who did not play Mr. Freeze in at least one episode of 1960s TV series Batman? Burl Ives
35.9%
George Sanders
17.7%
Otto Preminger
21.5%
Eli Wallach
20.7%
JUST FOR FUN: Which is not a combination of a Sex and the City actress' first name and their character's last name? Charlotte Davis
30.8%
Sarah Jessica Bradshaw
13.4%
Kim Jones
28.5%
Cynthia Hobbes
25.2%

You're not logged in!

Compare scores with friends on all Sporcle quizzes.
OR
Log In

Sporcle TV

Today on Sporcle TV


Watch our educational content, quiz creation guides, and fun videos on Sporcle TV.

Show Comments

Extras

Top Quizzes Today


Score Distribution

Your Account Isn't Verified!

In order to create a playlist on Sporcle, you need to verify the email address you used during registration. Go to your Sporcle Settings to finish the process.

Report this User

Report this user for behavior that violates our Community Guidelines.

Details: